Statystyki dla Odpowiedź Zaczyna się na "W"

Kliknij tutaj aby rozwiązać quiz!

Ogólne statystyki

  • Ten quiz został rozwiązany 29 767 razy
    (27 948 od ostatniego zresetowania)
  • Średni wynik to 15 z 24

Statystyki odpowiedzi

PytanieOdpowiedź% Poprawnych
Które miasto jest stolicą Austrii?Wiedeń
96%
Które miasto określane jest mianem "stolicy apostolskiej"?Watykan
94%
Które miasto jest stolicą Litwy?Wilno
89%
Jak miał na nazwisko przywódca Solidarności jak i prezydent RP w latach 1990-1995?Wałęsa
88%
Które miasto jest stolicą Województwa Dolnośląskiego?Wrocław
88%
Jak miał na nazwisko pierwszy prezydent USA?Waszyngton
83%
Jaką nazwę nosi rzeka przepływająca przez Poznań?Warta
82%
Stolicą, którego kraju jest Caracas?Wenezuela
81%
Jaką nazwę nosi siódmy przypadek polskiej deklinacji?Wołacz
73%
Jak miał na nazwisko autor tekstu do "Mazurka Dąbrowskiego"?Wybicki
73%
Jaką nazwę nosi wulkan, który "pochłonął" Pompeje?Wezuwiusz
71%
Jak miał na nazwisko prymas określany jako "Prymas Tysiąclecia"?Wyszyński
60%
Jaką nazwę nosi ulica przy której stoi budynek Sejmu?Wiejska
59%
Jak w średniowieczu określało się kogoś, kto złożył przysięgę wierności feudałowi i zobowiązał się do służby wojskowej u niego w zamian za ziemię i opiekę?Wasal
53%
Jaką nazwę nosi największy gruczoł w organizmie człowieka?Wątroba
53%
Jaką nazwę nosi znajdująca się pod Paryżem miejscowość, które niegdyś była siedzibą królów tego kraju?Wersal
52%
Jaką nazwę nosi kopalnia w której 16 grudnia 1981 doszło do masakry górników przez siły ZOMO i wojska?Wujek
49%
Jaką nazwę noszą organiczne związki chemiczne zawierające w swojej strukturze wyłącznie atomy węgla i wodoru?Węglowodory
48%
Jaką nazwę nosi miejscowość, pod którą odbyła się bitwa będąca ostateczną klęską Napoleona?Waterloo
47%
W którym mieście znajduje się słynny Plac Świętego Marka?Wenecja
43%
Jaką nazwą określa się elementarną jednostkę języka, znak pewnego przedmiotu lub pewnej treści?Wyraz
32%
Jaką nazwę nosiło plemię starogermańskie, którego nazwę należy kojarzyć z aktem wandalizmu?Wandalowie
30%
Jak miała na imię rzymska bogini ognia domowego?Westa
28%
Jak ma na imię hinduistyczny bóg który wraz z Brahmą i Śiwą tworzy tzw. "trójcę hinduistyczną"?Wisznu
20%

Rozkład punktacji

Percentyl według liczby udzielonych odpowiedzi

Procent ludzi z każdym wynikiem

Twoja historia wyników

Nie rozwiązałeś tego quizu od ostatniego zresetowania